| 000 | 01552nam a22002777a 4500 | ||
|---|---|---|---|
| 003 | OSt | ||
| 005 | 20250711151254.0 | ||
| 008 | 200212s2013 ck a|||br|||| 00| f spa d | ||
| 020 | _a9789587242720 | ||
| 040 |
_aCO-JMCR _cCO-JMCR |
||
| 041 | 0 | _aspa | |
| 082 | 0 | 4 |
_aN _bCARs |
| 100 | 1 |
_aCarbonell, Nora, _eautora _9475 |
|
| 245 | 1 | 0 |
_aSankac, el adivino / _cNora Carbonell ; ilustradora, Michelle López |
| 250 | _aPrimera edición | ||
| 260 |
_aBogotá : _bLibros & Libros, _c2013 |
||
| 300 |
_a87 páginas : _bilustraciones a color ; _c20 cm. |
||
| 490 | 0 | _aHillman | |
| 500 | _aIncluye datos biográficos de la autora. | ||
| 520 | _aSankac es un joven inca que vive en Túmbez y tiene un poder especial: adivinar cuándo va a haber una tormenta, una mala cosecha o un acontecimiento en el pueblo. Su poder y su valentía lo convierten en un héroe que salva a los niños de las garras del malvado dios Wakon, guiándolos hasta la cima de la Montaña Vieja. Allí se gana el derecho de ser entrenado como gran maestro de los adivinos. Convertido en un gran adivino, la Madre Luna le regala un mensaje que lo lleva a predecir tiempos difíciles para su pueblo... Esta mágica historia nos lleva a descubrir una gran civilización indígena, cuyas leyendas, ingenio y solidaridad son orgullo para toda América. | ||
| 521 |
_a8+ años-- _bTapa posterior |
||
| 650 | 1 | 4 |
_aCuentos infantiles colombianos _9458 |
| 650 | 1 | 4 |
_aCivilización indígena _xcuentos infantiles _9476 |
| 700 | 1 |
_aLópez, Michelle, _eilustradora _9477 |
|
| 942 |
_2ddc _cBK |
||
| 999 |
_c6495 _d6495 |
||